000 02110cam a2200265 i 4500
999 _c20056
_d20056
005 20171227145855.0
008 160823s2016 stka b 001 0 eng
020 _a9781474409650
040 _aDLC
_cDLC
_dCo-BoIAvH
041 _aeng
044 _a-uk
082 0 4 _a001.30285
_bH42r
245 0 0 _aResearch methods for creating and curating data in the digital humanities /
_cEditado por Matt Hayler yGabriele Griffin.
260 _aEdinburgh:
_bEdinburgh University Press,
_c2016.
300 _avi, 207 páginas :
_bilustraciones ;
_c24 centímetros.
490 1 _aResearch methods for the arts and humanities
504 _aIncluye referencias bibliográficas e índice
505 0 _aChoices in digitisation for the digital humanities / Simon Tanner, Laura Gibson, Rebecca Kahn and Geoff Laycock -- Curating the language of letters : historical linguistic methods in the museum / Mel Evans -- Connecting with the past : opportunities and challenges in digital history / Thomas Nygren, Zephyr Frank, Nicholas Bauch and Erik Steiner -- The object and the event : time-based digital simulation and illusion in the fine arts / Stephen Hilyard -- Data visualisation and the humanities / Lisa Otty and Tara Thomson -- Curating Mary digitally : digital methodologies and representations of medieval material culture / Cecilia Lindh, Ann-Catrine Eriksson, Jim Robertsson and Mattis Lindmark -- Raising language awareness using digital media : methods for revealing linguistic stereotyping / Mats Deutschmann, Anders Steinvall and Anna Lagerstrm -- A world of possibilities : digitisation and the humanities / Marilyn Deegan.
520 1 _a"The chapters presented here demonstrate that creation is never neutral with political and theoretical concerns intentionally or unavoidably always being written into the fabric of what is being made, even if that is the seeming neatness of computer code."
650 0 _aDigital humanities
_xResearch.
650 0 _aData curation
700 1 _aHayler, Matt,
_d1983-
_eeditor.
700 1 _aGriffin, Gabriele,
_eeditor.
942 _2ddc
_cLIBRO